Catálogo público

Fase de campo del curso introducción a la agroindustria en cinco estados de estudio : (Record no. 217805)

MARC details
000 -CABECERA
campo de control de longitud fija 02677nam a22004097a 4500
003 - IDENTIFICADOR DEL NÚMERO DE CONTROL
campo de control CHAP
005 - FECHA Y HORA DE LA ÚLTIMA TRANSACCIÓN
campo de control 20240521110445.0
007 - CAMPO FIJO DE DESCRIPCIÓN FÍSICA--INFORMACIÓN GENERAL
campo de control de longitud fija ta
008 - DATOS DE LONGITUD FIJA--INFORMACIÓN GENERAL
campo de control de longitud fija 221116s2022 |||abdofs||||a001 0 spa d
040 ## - FUENTE DE LA CATALOGACIÓN
Centro catalogador/agencia de origen mxchpua
090 ## - LOCALMENTE ASIGNADO TIPO-LC NÚMERO DE CLASIFICACIÓN (OCLC); NÚMERO DE CLASIFICACIÓN LOCAL (RLIN)
Número de clasificación (OCLC) (R) ; Numero de clasificación, CALL (RLIN) (NR) T.C.875
Número cutter local (OCLC) ; Número de libro/Signatura topográfica íntegra, CALL (RLIN) F56 IA
Año 2022
245 10 - MENCIÓN DE TÍTULO
Título Fase de campo del curso introducción a la agroindustria en cinco estados de estudio :
Resto del título Estado de México, Guanajuato, Veracruz, Oaxaca y Chiapas /
Mención de responsabilidad, etc. coordinador Emmanuel Flores Girón ; colaboradores Raquel Andrés Ramos...[y otros]
260 ## - PUBLICACIÓN, DISTRIBUCIÓN, ETC.
Lugar de publicación, distribución, etc. Chapingo, México :
Nombre del editor, distribuidor, etc. El autor,
Fecha de publicación, distribución, etc. 2022
300 ## - DESCRIPCIÓN FÍSICA
Extensión 1 recurso en línea (407 hojas) :
Otras características físicas gráficas, mapas, fotos
336 ## - TIPO DE CONTENIDO
Fuente rdacontent
Término de tipo de contenido texto
Código de tipo de contenido txt
337 ## - TIPO DE MEDIO
Fuente rda media
Nombre/término del tipo de medio computadora
Código del tipo de medio c
338 ## - TIPO DE SOPORTE
Fuente rdacarrier
Nombre/término del tipo de soporte recurso línea
Código del tipo de soporte cr
500 ## - NOTA GENERAL
Nota general Grado : 4° Grupo : 4 --<br/>Directorio : hoja 391-395
502 ## - NOTA DE TESIS
Nota de tesis Viaje de Estudios
Tipo de título (IA) --
Nombre de la institución que otorga el título UACh. Departamento de Ingeniería Agroindustrial,
Año de obtención del título 2022
504 ## - NOTA DE BIBLIOGRAFÍA, ETC.
Nota de bibliografía, etc. Bibliografía: hoja 396-407
505 0# - NOTA DE CONTENIDO CON FORMATO
Nota de contenido con formato Visitas : --
Título 1. Maltaría de Especialidad La nacional --<br/>2. La Corona S.A. de C.V. --<br/>3. FLAGASA S.A de C.V. --<br/>4. Abeja Reyna. --<br/>5. Huevo Chapingo. --<br/>6. Rastro Municipal Querétaro. --<br/>7. Viñedos Azteca --<br/>8. Flor de calvillo --<br/>9. Café Amecatl S.A de C. V. --<br/>10. Catuaí Amarillo S. de S. S --<br/>11. Ingenio Azucarero EL MODELO --<br/>12. Utopía Micro cervecería. --<br/>13. Liga productora SAPI --<br/>14. Floricultura Tlaxiaqueña. --<br/>15. Oaxamaica. --<br/>16. MIEL SOFIA VALENTINA --<br/>17. Granja de Trucha La Platera --<br/>18. NUTRIAMTO --<br/>19. Cervecería Artesanal Marea Brewing --<br/>20. Lácteos de Chiapas PRADEL S.A. de C. V. --<br/>21. INDUSTRIA AGRICOLA MAYA, S.A de C.V (INDAMAYA) --<br/>22. Bachoco S.A de C.V. --<br/>23. Todo Acuícola. --<br/>24. Hari Masa, S.A. de C.V. --<br/>25. Tostadas La hidalguense.
650 13 - PUNTO DE ACCESO ADICIONAL DE MATERIA--TÉRMINO DE MATERIA
9 (RLIN) 57780
Término de materia o nombre geográfico como elemento de entrada Industria azucarera
Subdivisión geográfica México
650 13 - PUNTO DE ACCESO ADICIONAL DE MATERIA--TÉRMINO DE MATERIA
9 (RLIN) 185308
Término de materia o nombre geográfico como elemento de entrada Industria del cacao
Subdivisión geográfica México
650 13 - PUNTO DE ACCESO ADICIONAL DE MATERIA--TÉRMINO DE MATERIA
9 (RLIN) 57819
Término de materia o nombre geográfico como elemento de entrada Industria lechera
Subdivisión geográfica México
650 13 - PUNTO DE ACCESO ADICIONAL DE MATERIA--TÉRMINO DE MATERIA
9 (RLIN) 35703
Término de materia o nombre geográfico como elemento de entrada Edulcorantes
Subdivisión general Industria y comercio
Subdivisión geográfica México
650 13 - PUNTO DE ACCESO ADICIONAL DE MATERIA--TÉRMINO DE MATERIA
9 (RLIN) 185667
Término de materia o nombre geográfico como elemento de entrada Flores comestibles
Subdivisión general Industria y comercio
Subdivisión geográfica México
650 13 - PUNTO DE ACCESO ADICIONAL DE MATERIA--TÉRMINO DE MATERIA
9 (RLIN) 148659
Término de materia o nombre geográfico como elemento de entrada Industria de los alimentos
Subdivisión geográfica México
650 13 - PUNTO DE ACCESO ADICIONAL DE MATERIA--TÉRMINO DE MATERIA
9 (RLIN) 151278
Término de materia o nombre geográfico como elemento de entrada Sugar industry
Subdivisión geográfica Mexico
650 13 - PUNTO DE ACCESO ADICIONAL DE MATERIA--TÉRMINO DE MATERIA
9 (RLIN) 150788
Término de materia o nombre geográfico como elemento de entrada Cocoa industry
Subdivisión geográfica Mexico
650 13 - PUNTO DE ACCESO ADICIONAL DE MATERIA--TÉRMINO DE MATERIA
9 (RLIN) 147068
Término de materia o nombre geográfico como elemento de entrada Dairy industry
Subdivisión geográfica Mexico
650 13 - PUNTO DE ACCESO ADICIONAL DE MATERIA--TÉRMINO DE MATERIA
9 (RLIN) 161501
Término de materia o nombre geográfico como elemento de entrada Sweeteners
Subdivisión general Industry and trade
Subdivisión geográfica Mexico
650 13 - PUNTO DE ACCESO ADICIONAL DE MATERIA--TÉRMINO DE MATERIA
9 (RLIN) 185668
Término de materia o nombre geográfico como elemento de entrada Edible flowers
Subdivisión general Industry and trade
Subdivisión geográfica Mexico
650 13 - PUNTO DE ACCESO ADICIONAL DE MATERIA--TÉRMINO DE MATERIA
9 (RLIN) 148657
Término de materia o nombre geográfico como elemento de entrada Food industry
Subdivisión geográfica Mexico
700 1# - PUNTO DE ACCESO ADICIONAL--NOMBRE DE PERSONA
9 (RLIN) 161718
Nombre de persona Flores Girón, Emmanuel
Término indicativo de función/relación coordinador
700 1# - PUNTO DE ACCESO ADICIONAL--NOMBRE DE PERSONA
9 (RLIN) 185669
Nombre de persona Andrés Ramos, Raquel
Término indicativo de función/relación colaborador
856 40 - LOCALIZACIÓN Y ACCESO ELECTRÓNICOS
Texto de enlace DESCARGAR REPORTE
Identificador Uniforme del Recurso <a href="http://10.13.5.2/ve/T_C_875_IA/T_C_875_IA_2022-REPORTE_pdf">http://10.13.5.2/ve/T_C_875_IA/T_C_875_IA_2022-REPORTE_pdf</a>
Holdings
Estado de retiro Estado de pérdida Fuente del sistema de clasificación o colocación Estado dañado No para préstamo Código de colección Localización permanente Ubicación/localización actual Ubicación en estantería Fecha de adquisición Fuente de adquisición Total de préstamos Signatura topográfica completa Código de barras Fecha visto por última vez Tipo de ítem Koha
    Clasificación Universidad Autónoma de Chapingo     Viajes de estudio - En línea Ingenieria Agroindustrial Ingenieria Agroindustrial En línea 16/11/2022 El autor   T.C.875 F56 IA 2022 1206015732 16/11/2022 Viajes de Estudio - En línea